| 000 | 01131nam a22003137a 4500 | ||
|---|---|---|---|
| 001 | 2015 | ||
| 003 | FISKH | ||
| 005 | 20231027160036.0 | ||
| 008 | 091104s2009 enka j 0 eng | ||
| 016 | 7 |
_a015410274 _2Uk |
|
| 020 | _a9780312506421 | ||
| 020 | _a0312506422 | ||
| 040 |
_aUk _beng _cUk |
||
| 050 | _aTL230.15 | ||
| 082 | _a629.224 | ||
| 100 | _aPriddy, Roger | ||
| 245 | 0 | 0 | _aHonk! honk! |
| 260 |
_aNew York : _bPriddy, _c2009. |
||
| 300 |
_a12 unnumbered pages : _bcolor illustrations ; _c27 cm |
||
| 490 | 0 | _aBaby touch and feel | |
| 500 | _aTouch and feel board book. | ||
| 505 | _aB | ||
| 520 | _aHonk Honk baby touch and feel A big rig with a front grille you can feel, a dump truck with a scratchy load in the back,a firetruck with shiny lights on top, a backhoe loader with plastic windows you can see through, a pickup truck and a concrete truck round out the trucking fun in this board book designed to capture the attention of toddlers. Great for one and up. | ||
| 521 | 8 |
_a40
_bLexile estimate |
|
| 521 | 8 |
_aB
_bRaz-Plus |
|
| 650 | _aHonk | ||
| 650 | _aTruck | ||
| 942 |
_2ddc _cBK _n0 |
||
| 999 |
_c2015 _d2015 |
||